000 00825nam a2200265Ia 4500
003 OSt
005 20220926022849.0
006 a|||||r|||| 00| 0
007 ta
008 220923b |||||||| |||| 00| 0 eng d
020 _a0393979830
_c695.00
037 _b888, 13/11/2006, VIBHA BOOKS INTERNATIONAL
_cGeneral Book
040 _aRTL
_cRTL
_beng
041 _2eng
_aeng
082 _aY9(NW), P5
100 _aGeiger Jeffrey
_9328370
245 0 _aFilm analysis
_b A Norton reader
260 _aNew York
_bW W Norton Company
_c2005
300 _a960p
_ccm.
500 _aGlossary: p 891-914
650 _aSociology
700 _a Rutsky R L Ed.
_9328371
942 _hY9(NW), P5
_cGB
_2CC
999 _c640478
_d640478